| 000 | 00634nam a2200193 i 4500 | ||
|---|---|---|---|
| 001 | 110115 | ||
| 003 | ES-MaACL | ||
| 005 | 20250902221354.0 | ||
| 007 | t| | ||
| 008 | 061121s1979 sp r ||||1| spa d | ||
| 100 | 1 |
_aMokk, László. _981832 |
|
| 245 | 1 | 0 |
_aConstrucciones con materiales prefabricados de hormigón armado / _cLászló Mokk; traducido por José María Urcelay. |
| 260 |
_aBilbao : _bUrmo, _c1979. |
||
| 300 |
_a555 p. : _bil. ; _c25 cm. |
||
| 650 | 7 |
_aEstructuras de hormigón armado _2embne _9164177 |
|
| 700 | 1 |
_aUrcelay, José María. _9112101 |
|
| 852 |
_aES-MaACL _jL-286 _bR.100734 |
||
| 999 |
_c110115 _d110115 |
||